[Event "Elenite"]
[Site "Elenite"]
[Date "1994.??.??"]
[Round "9"]
[White "Epishin, Vladimir"]
[Black "Vyzmanavin, Alexey"]
[Result "1/2-1/2"]
[WhiteElo "2650"]
[BlackElo "2610"]
[PlyCount "110"]
[EventDate "1994.??.??"]
[Source "ChessBase"]

1. d4 f5 2. g3 Nf6 3. Bg2 g6 4. Nh3 d6 5. Nc3 Bg7 6. Nf4 Nc6 7. d5 Ne5 8. h4 O-O 9. h5 Bd7 10. hxg6 hxg6 11. Be3 Qe8 12. Bd4 c5 13. Be3 Qc8 14. a4 Rb8 15. Qb1 b6 16. Qa2 a6 17. Ne6 Bxe6 18. dxe6 c4 19. Bg5 Qxe6 20. Rd1 Rfc8 21. Nd5 Ned7 22. Rh4 b5 23. axb5 axb5 24. Qa7 Kf7 25. Nc7 Rxc7 26. Qxc7 Ne4 27. Bxe4 fxe4 28. Qc6 Bf6 29. Bxf6 Nxf6 30. Qc7 Rc8 31. Qb6 g5 32. Rh1 Rc5 33. e3 Qf5 34. Rd2 Ng4 35. Qb8 Rc8 36. Qb7 c3 37. bxc3 Rxc3 38. Qd5+ Qxd5 39. Rxd5 Rxc2 40. Rh7+ Ke6 41. Rxb5 Nxf2 42. Rh6+ Kd7 43. Rb7+ Kc6 44. Rxe7 Nd3+ 45. Kd1 Rg2 46. Ree6 Rxg3 47. Rxd6+ Kc5 48. Rc6+ Kd5 49. Rhd6+ Ke5 50. Kd2 Rg2+ 51. Kc3 Rg1 52. Re6+ Kd5 53. Rcd6+ Kc5 54. Ra6 Kd5 55. Rad6+ Kc5 1/2-1/2

[Event "Moscow (ol)"]
[Site "?"]
[Date "1994.??.??"]
[Round "?"]
[White "Sokolov, I."]
[Black "Malaniuk, V."]
[Result "1-0"]
[WhiteElo "2625"]
[BlackElo "2610"]
[PlyCount "71"]
[EventDate "1994.??.??"]
[Source "ChessBase"]
[SourceDate "1994.10.01"]

1. d4 f5 2. g3 Nf6 3. Bg2 g6 4. c3 Bg7 5. Qb3 Nc6 6. Nf3 e6 7. O-O O-O 8. Nbd2 a5 9. a4 d5 10. Qc2 b6 11. b3 Ne4 12. Ba3 Rf7 13. Rad1 Rd7 14. b4 axb4 15. cxb4 Bb7 16. e3 Qb8 17. b5 Nd8 18. Bb2 Nf7 19. Nxe4 dxe4 20. Ne5 Nxe5 21. dxe5 Qc8 22. Rxd7 Qxd7 23. Rd1 Qe7 24. Bf1 Bd5 25. Bd4 Rd8 26. Ra1 g5 27. a5 bxa5 28. Rxa5 Ra8 29. Ra6 Bb7 30. Rxa8+ Bxa8 31. b6 cxb6 32. Qc8+ Qf8 33. Qxe6+ Kh8 34. Qxb6 Bd5 35. e6 Bf6 36. e7 1-0

[Event "jub30-B corr9196"]
[Site "Finland"]
[Date "1991.??.??"]
[Round "?"]
[White "Kujala, Auvo"]
[Black "Lanc, Alois"]
[Result "1-0"]
[WhiteElo "2645"]
[BlackElo "2590"]
[PlyCount "71"]
[EventDate "1991.??.??"]
[Source "www.chesslib.no"]
[SourceDate "2004.05.04"]

1. d4 f5 2. g3 Nf6 3. Bg2 g6 4. Nf3 Bg7 5. O-O O-O 6. c3 d6 7. Qb3+ Kh8 8. Ng5 d5 9. Nh3 c6 10. Nd2 Qe8 11. Nf3 Nbd7 12. Nf4 e5 13. dxe5 Nxe5 14. Nxe5 Qxe5 15. Be3 Ne4 16. Rad1 b5 17. a4 a6 18. Qa3 Bb7 19. Bd4 Qe8 20. e3 Qf7 21. f3 Nf6 22. Nd3 Rfe8 23. Nc5 Qc7 24. Qb4 Bc8 25. axb5 axb5 26. Ra1 Qb8 27. b3 Be6 28. e4 f4 29. e5 Nd7 30. Rxa8 Qxa8 31. Nxe6 Rxe6 32. Bh3 c5 33. Qxb5 Re7 34. e6 cxd4 35. exd7 Qd8 36. Qc6 1-0

[Event "Novosibirsk"]
[Site "Novosibirsk"]
[Date "1993.??.??"]
[Round "6"]
[White "Akopian, Vladimir"]
[Black "Dolmatov, Sergey"]
[Result "1/2-1/2"]
[WhiteElo "2615"]
[BlackElo "2615"]
[PlyCount "96"]
[EventDate "1993.06.??"]
[Source "ChessBase"]

1. d4 f5 2. g3 Nf6 3. Bg2 g6 4. c3 Bg7 5. Qb3 d5 6. c4 c6 7. Nf3 O-O 8. O-O e6 9. Nc3 b6 10. cxd5 exd5 11. Ne5 Bb7 12. Bg5 Kh8 13. Rac1 Qd6 14. a4 Nbd7 15. Bf4 Qe6 16. a5 Nxe5 17. Bxe5 Nd7 18. Bxg7+ Kxg7 19. Ra1 Qd6 20. e3 Ba6 21. Rfc1 Rfb8 22. Qa3 Qe6 23. b3 h5 24. Na2 Bb5 25. Nc3 Ba6 26. Ra2 Nf6 27. axb6 axb6 28. Qb4 Ne8 29. h4 Kf7 30. Ne2 Bxe2 31. Rxe2 b5 32. Qc3 Ra6 33. Rec2 Nf6 34. Qd2 Ng8 35. Ra2 Rba8 36. Rca1 Rxa2 37. Rxa2 Rxa2 38. Qxa2 Qd6 39. Qa5 Ne7 40. Bf1 Kg7 41. Bd3 Kf7 42. Kf1 Kf8 43. Ke2 Kf7 44. Kd2 Kf8 45. Kc3 Kf7 46. Kb2 Ke6 47. Qe1 Ng8 48. Qa5 Ne7 1/2-1/2

[Event "Jakarta"]
[Site "?"]
[Date "1996.??.??"]
[Round "?"]
[White "Ftacnik, L."]
[Black "Gurevich, M."]
[Result "1/2-1/2"]
[WhiteElo "2610"]
[BlackElo "2605"]
[PlyCount "101"]
[EventDate "1996.??.??"]
[Source "ChessBase"]
[SourceDate "1996.10.01"]

1. d4 f5 2. g3 Nf6 3. Bg2 g6 4. b3 Bg7 5. Bb2 O-O 6. Nf3 d6 7. O-O Ng4 8. Nc3 f4 9. h3 Nh6 10. g4 c6 11. Qd2 Nd7 12. e3 fxe3 13. Qxe3 Nf7 14. Rae1 e5 15. dxe5 Ndxe5 16. Nxe5 Bxe5 17. f4 Bg7 18. Na4 Bxb2 19. Nxb2 Bd7 20. c4 Qa5 21. Na4 Rae8 22. Qc3 Qxc3 23. Nxc3 Rxe1 24. Rxe1 Nd8 25. Rd1 Kf7 26. Kh2 Ke7 27. Kg3 Ne6 28. Ne2 a5 29. Be4 b5 30. cxb5 cxb5 31. Bb1 b4 32. f5 gxf5 33. Bxf5 Ng5 34. Nd4 d5 35. Re1+ Kd6 36. h4 Ne4+ 37. Bxe4 Re8 38. Nf3 Rxe4 39. Rxe4 dxe4 40. Ng5 e3 41. Kf3 e2 42. Kxe2 Bxg4+ 43. Ke3 Bf5 44. Kd4 h5 45. Ne4+ Kc6 46. Nd2 Bh7 47. Nc4 Kb5 48. Nd6+ Kb6 49. Nc4+ Kb5 50. Nd6+ Kc6 51. Nc4 1/2-1/2

[Event "VIII Dos Hermanas Internet"]
[Site "ICC INT"]
[Date "2007.03.23"]
[Round "2.1"]
[White "Shipov, S."]
[Black "Zhang Zhong"]
[Result "1-0"]
[WhiteElo "2591"]
[BlackElo "2618"]
[PlyCount "51"]
[EventDate "2007.03.23"]
[Source "www.chesslib.no"]
[SourceDate "2004.05.04"]

1. d4 f5 2. g3 Nf6 3. Bg2 g6 4. Nf3 Bg7 5. b4 d6 6. Bb2 O-O 7. c4 Ne4 8. O-O c5 9. Qb3 Nc6 10. dxc5 Bxb2 11. Qxb2 dxc5 12. bxc5 Be6 13. Nbd2 Nxc5 14. Rfd1 Qb6 15. Nb3 h6 16. Ne5 Na4 17. Qa3 Nxe5 18. Qxa4 Nxc4 19. Rab1 Bf7 20. Nd4 Qa5 21. Qd7 e5 22. Ne6 Rfe8 23. Rxb7 Rf8 24. Nxf8 Rxf8 25. Rxa7 Qc5 26. Bd5 1-0

[Event "Groningen"]
[Site "?"]
[Date "1993.??.??"]
[Round "?"]
[White "Ruban, V."]
[Black "Gurevich, M."]
[Result "1/2-1/2"]
[WhiteElo "2590"]
[BlackElo "2605"]
[PlyCount "101"]
[EventDate "1993.??.??"]
[Source "ChessBase"]
[SourceDate "1993.10.01"]

1. d4 f5 2. g3 Nf6 3. Bg2 g6 4. Nf3 Bg7 5. O-O O-O 6. b3 d6 7. Bb2 Ng4 8. c4 Nd7 9. Nc3 e5 10. dxe5 dxe5 11. e4 c6 12. Ba3 Re8 13. Qc2 Qf6 14. Rad1 Bf8 15. Bxf8 Nxf8 16. c5 Be6 17. exf5 gxf5 18. h3 Nh6 19. Ne2 Nf7 20. Nd2 Rad8 21. Qc3 Kg7 22. Nc4 Bxc4 23. Qxc4 Ne6 24. f4 h5 25. fxe5 Qxe5 26. Nf4 Nxf4 27. gxf4 Qe3+ 28. Kh1 Rxd1 29. Rxd1 Rd8 30. Rg1 Rd4 31. Qc2 Kf6 32. Qb2 Nd8 33. b4 Ne6 34. b5 cxb5 35. Qxb5 Nxf4 36. Qxb7 Ne2 37. Rb1 Rc4 38. Qa6+ Qe6 39. Qxa7 Kg5 40. c6 Qe5 41. Qb6 Rd4 42. Qb3 Kh4 43. a4 Ng3+ 44. Kg1 Ne2+ 45. Kh1 Ng3+ 46. Kg1 Rd2 47. Qf3 Ne2+ 48. Kh1 Ng3+ 49. Kg1 Ne2+ 50. Kh1 Ng3+ 51. Kg1 1/2-1/2

[Event "ECC, Panormo GRE"]
[Site "?"]
[Date "2001.??.??"]
[Round "5"]
[White "Georgiev, Ki"]
[Black "Jakubiec, A."]
[Result "1-0"]
[WhiteElo "2695"]
[BlackElo "2495"]
[PlyCount "61"]
[EventDate "2001.??.??"]
[Source "www.chesslib.no"]
[SourceDate "2004.05.04"]

1. d4 f5 2. g3 Nf6 3. Bg2 g6 4. Nf3 Bg7 5. O-O O-O 6. Nbd2 d6 7. Re1 Nc6 8. c3 e5 9. dxe5 dxe5 10. e4 f4 11. b4 a6 12. a4 Nh5 13. Ba3 Re8 14. b5 Nb8 15. b6 Nc6 16. Nc4 Qxd1 17. Raxd1 Be6 18. Bf1 fxg3 19. hxg3 cxb6 20. Nxb6 Rad8 21. Ng5 Bb3 22. Rb1 Ba2 23. Rb2 Bh6 24. Nf3 Be6 25. Nc4 Rd7 26. Reb1 Nf6 27. Nfxe5 Nxe5 28. Nxe5 Rdd8 29. Rxb7 Nxe4 30. Nc6 Rd7 31. Rb8 1-0

[Event "Bern Cup"]
[Site "Bern"]
[Date "1996.??.??"]
[Round "3"]
[White "Sadler, Matthew"]
[Black "Kindermann, Stefan"]
[Result "1-0"]
[WhiteElo "2600"]
[BlackElo "2575"]
[PlyCount "61"]
[EventDate "1996.??.??"]
[Source "ChessBase"]

1. d4 f5 2. g3 Nf6 3. Bg2 g6 4. Nf3 Bg7 5. O-O O-O 6. b4 d6 7. Bb2 Qe8 8. c4 c6 9. Nbd2 h6 10. Qc2 Na6 11. Bc3 Nc7 12. a4 g5 13. b5 Bd7 14. e3 a6 15. bxc6 Bxc6 16. d5 Bd7 17. a5 e5 18. Rab1 Bc8 19. Rb6 Qd8 20. Rd1 Nce8 21. Rb2 Rf7 22. c5 e4 23. Bxf6 Nxf6 24. Nd4 Nxd5 25. N2b3 Nb4 26. Qc4 Nd3 27. Rxd3 d5 28. Nxf5 Qf8 29. Rxd5 Qe8 30. Rbd2 Qe6 31. Rd8+ 1-0

[Event "AUT Team Ch 9596"]
[Site "Austria"]
[Date "1996.??.??"]
[Round "?"]
[White "Chernin, Alexander M"]
[Black "Kindermann, Stefan E S"]
[Result "1-0"]
[WhiteElo "2595"]
[BlackElo "2575"]
[PlyCount "87"]
[EventDate "1995.??.??"]
[Source "www.chesslib.no"]
[SourceDate "2004.05.04"]

1. d4 f5 2. g3 Nf6 3. Bg2 g6 4. Nh3 Bg7 5. Nf4 O-O 6. c3 Nc6 7. Qb3+ Kh8 8. h4 e5 9. dxe5 Nxe5 10. h5 Nxh5 11. Nxh5 gxh5 12. Bf4 Qe8 13. Bxe5 Bxe5 14. Bf3 f4 15. Bxh5 Qe7 16. g4 Kg7 17. Nd2 b6 18. g5 c6 19. Bg4 Qf7 20. Nf3 d6 21. Bxc8 Raxc8 22. O-O-O Qxb3 23. axb3 Rce8 24. Rh6 Rf7 25. Rdh1 Kg8 26. Kd1 Rfe7 27. g6 hxg6 28. Rxg6+ Kf7 29. Rhh6 Bg7 30. Ng5+ Kf8 31. Rh3 Be5 32. Rh4 a5 33. Nf3 Re6 34. Rgh6 Rxh6 35. Rxh6 Kf7 36. Nxe5+ Rxe5 37. Rxd6 Rb5 38. Kc2 Re5 39. Kd3 Rb5 40. b4 axb4 41. c4 Rh5 42. Rxc6 Rh2 43. f3 Ke7 44. Rxb6 1-0

[Event "Hofmann Cup"]
[Site "Baden-Baden GER"]
[Date "1995.??.??"]
[Round "7"]
[White "Schlosser, Philipp"]
[Black "Jussupow, Artur M"]
[Result "1-0"]
[WhiteElo "2505"]
[BlackElo "2660"]
[PlyCount "67"]
[EventDate "1995.??.??"]
[Source "www.chesslib.no"]
[SourceDate "2004.05.04"]

1. d4 f5 2. g3 Nf6 3. Bg2 g6 4. Nh3 Bg7 5. O-O O-O 6. c4 d6 7. d5 c6 8. Nc3 e5 9. dxe6 Bxe6 10. Qb3 Qe7 11. Ng5 Bf7 12. Rd1 Na6 13. Nxf7 Rxf7 14. Bf4 Rd8 15. Qa3 Bf8 16. Bxc6 bxc6 17. Qxa6 Qe8 18. Rd3 h6 19. Rad1 Ne4 20. Nxe4 fxe4 21. Rb3 Qd7 22. Be3 Re8 23. Ra3 h5 24. Ra5 h4 25. Rg5 Kh7 26. c5 Be7 27. Re5 hxg3 28. hxg3 Qh3 29. Rxe4 Rh8 30. Bd4 Kg8 31. Bxh8 Rh7 32. Rh4 Bxh4 33. Qxc6 Bg5 34. Qe8# 1-0

[Event "Las Palmas-I"]
[Site "?"]
[Date "1993.??.??"]
[Round "6"]
[White "Krasenkov, M."]
[Black "Dao, T."]
[Result "1/2-1/2"]
[WhiteElo "2595"]
[BlackElo "2565"]
[PlyCount "45"]
[EventDate "1993.??.??"]
[Source "www.chesslib.no"]
[SourceDate "2004.05.04"]

1. d4 f5 2. g3 Nf6 3. Bg2 g6 4. Nh3 Bg7 5. Nf4 d6 6. h4 e5 7. dxe5 dxe5 8. Qxd8+ Kxd8 9. Nd3 Re8 10. Nc3 e4 11. Nf4 Be6 12. f3 exf3 13. Bxf3 c6 14. Nxe6+ Rxe6 15. Bg5 h6 16. O-O-O+ Nbd7 17. Bf4 Ke7 18. e4 fxe4 19. Bg2 Ne5 20. Bxe4 Nxe4 21. Nxe4 b6 22. Nd2 Kf7 23. Rde1 1/2-1/2

[Event "RUS Ch"]
[Site "Elista RUS"]
[Date "1995.??.??"]
[Round "5"]
[White "Kharlov, Andrei"]
[Black "Vyzmanavin, Alexey B"]
[Result "1-0"]
[WhiteElo "2555"]
[BlackElo "2605"]
[PlyCount "65"]
[EventDate "1995.10.??"]
[Source "www.chesslib.no"]
[SourceDate "2004.05.04"]

1. d4 f5 2. g3 Nf6 3. Bg2 g6 4. Nf3 Bg7 5. O-O O-O 6. b3 d6 7. Bb2 Qe8 8. Nbd2 Nc6 9. Re1 e5 10. e4 Nxe4 11. dxe5 d5 12. c4 Be6 13. cxd5 Bxd5 14. Nxe4 Bxe4 15. Ng5 Bxg2 16. Kxg2 Qe7 17. Qc1 f4 18. gxf4 Rf5 19. Ba3 Qe8 20. Qc4+ Kh8 21. Ne6 Qf7 22. Nxg7 Qxc4 23. bxc4 Kxg7 24. Rad1 Rxf4 25. Bb2 g5 26. e6+ Kg6 27. Rd7 Rxc4 28. Rg7+ Kf5 29. Rf7+ Kg6 30. Rf6+ Kh5 31. e7 Re8 32. Ree6 Rg4+ 33. Kf1 1-0

[Event "Krasnodar 72/86"]
[Site "?"]
[Date "1998.??.??"]
[Round "?"]
[White "Burmakin, Vladimir"]
[Black "Malaniuk, Vladimir P"]
[Result "0-1"]
[WhiteElo "2550"]
[BlackElo "2600"]
[PlyCount "82"]
[EventDate "1998.??.??"]
[Source "ChessBase"]
[SourceDate "1998.02.01"]

1. d4 f5 2. g3 Nf6 3. Bg2 g6 4. Nh3 d6 5. c3 c6 6. Nf4 e5 7. dxe5 dxe5 8. Qxd8+ Kxd8 9. Nd3 e4 10. Bg5 Ke7 11. Nf4 Nbd7 12. h4 Ne5 13. h5 Nf7 14. Bxf6+ Kxf6 15. hxg6 hxg6 16. Rxh8 Nxh8 17. e3 Nf7 18. g4 Bd6 19. Nd2 Ng5 20. Ke2 fxg4 21. Bxe4 Bxf4 22. exf4 Nh3 23. Nc4 Bf5 24. Nd6 Rd8 25. Rd1 Ke6 26. Bxf5+ gxf5 27. Nxb7 Nxf4+ 28. Ke1 Ng2+ 29. Ke2 Nf4+ 30. Ke1 Rxd1+ 31. Kxd1 Nd3 32. Ke2 Nxb2 33. Nd8+ Kd5 34. Nf7 c5 35. Nh6 Ke4 36. Nf7 Na4 37. Nd6+ Ke5 38. Nc4+ Kf4 39. Kd3 Kf3 40. Ne3 f4 41. Nd5 Nb6 0-1

[Event "Villa Gesell"]
[Site "Villa Gesell"]
[Date "1996.??.??"]
[Round "11"]
[White "Sorokin, Maxim"]
[Black "Rodriguez, Andres"]
[Result "1-0"]
[WhiteElo "2560"]
[BlackElo "2575"]
[PlyCount "113"]
[EventDate "1996.03.??"]
[Source "ChessBase"]

1. d4 f5 2. g3 Nf6 3. Bg2 g6 4. Nf3 Bg7 5. O-O O-O 6. b3 d6 7. Bb2 Ng4 8. Nbd2 Nc6 9. e4 f4 10. Nc4 fxg3 11. hxg3 e5 12. dxe5 dxe5 13. Qd5+ Kh8 14. Qxd8 Rxd8 15. Rad1 Re8 16. Nh2 Kg8 17. Nxg4 Bxg4 18. f3 Be6 19. Ne3 Rad8 20. Kh2 Bh6 21. Nd5 Bxd5 22. exd5 Nb4 23. c4 Nc2 24. Rf2 Ne3 25. Re1 e4 26. Rfe2 Nxg2 27. Kxg2 exf3+ 28. Kxf3 Rxe2 29. Rxe2 Rf8+ 30. Kg2 Rf7 31. Re8+ Rf8 32. Re7 Rf7 33. Re8+ Rf8 34. Re6 Rf7 35. Be5 Kf8 36. b4 Bd2 37. b5 Bb4 38. Bf4 Rd7 39. a4 Kf7 40. Kf3 Bd6 41. a5 b6 42. a6 Bxf4 43. Kxf4 Rd6 44. Ke5 Rxe6+ 45. dxe6+ Ke7 46. Kd5 h5 47. Kc6 g5 48. Kxc7 h4 49. gxh4 gxh4 50. c5 h3 51. cxb6 h2 52. b7 h1=Q 53. b8=Q Qd5 54. Qc8 Qe5+ 55. Kb7 Qxb5+ 56. Kxa7 Kf6 57. e7 1-0

[Event "Lunds ASK-Kirsebergs SK"]
[Site "?"]
[Date "2001.02.10"]
[Round "7"]
[White "Nikolic Predrag"]
[Black "Berg Emanuel"]
[Result "1/2-1/2"]
[WhiteElo "2652"]
[BlackElo "2481"]
[PlyCount "101"]
[EventDate "2001.??.??"]
[Source "www.chesslib.no"]
[SourceDate "2004.05.04"]

1. d4 f5 2. g3 Nf6 3. Bg2 g6 4. c3 Bg7 5. Qb3 c6 6. Nd2 d5 7. Nh3 Ng4 8. Nf3 e5 9. Nxe5 Nxe5 10. dxe5 Bxe5 11. Bh6 Qe7 12. O-O Nd7 13. Rad1 Nc5 14. Qc2 Be6 15. Ng5 Bf6 16. Nxe6 Qxe6 17. f3 O-O-O 18. b4 Nd7 19. e4 dxe4 20. fxe4 fxe4 21. Rde1 g5 22. Rxe4 Qg8 23. b5 cxb5 24. Qe2 Qd5 25. Kh1 Qc5 26. a4 Kb8 27. axb5 Qxc3 28. Re6 Rhg8 29. b6 axb6 30. Re3 Qc5 31. h4 Rg6 32. Qf3 Qc7 33. hxg5 Bxg5 34. Bxg5 Rxg5 35. Rd1 Rdg8 36. Re7 Rxg3 37. Rexd7 Rxf3 38. Rxc7 Kxc7 39. Bxf3 Rg5 40. Rd4 b5 41. Bg2 Kb6 42. Rd7 Ka5 43. Rxb7 Ka4 44. Bc6 h6 45. Kh2 Kb4 46. Kh3 Kc4 47. Kh4 b4 48. Ba4 Kc3 49. Rb6 Ra5 50. Bd1 Rd5 51. Ba4 1/2-1/2

[Event "Alushta2"]
[Site "Alushta"]
[Date "1994.??.??"]
[Round "1"]
[White "Kharitonov, Andrei Y"]
[Black "Malaniuk, Vladimir P"]
[Result "1/2-1/2"]
[WhiteElo "2535"]
[BlackElo "2595"]
[PlyCount "21"]
[EventDate "1994.02.??"]
[Source "ChessBase"]

1. d4 f5 2. g3 Nf6 3. Bg2 g6 4. Nf3 Bg7 5. O-O O-O 6. b3 d6 7. Bb2 Ng4 8. Nbd2 Nc6 9. Nc4 d5 10. Nce5 Ncxe5 11. Nxe5 1/2-1/2

[Event "RUS Ch"]
[Site "Elista RUS"]
[Date "1995.??.??"]
[Round "2"]
[White "Epishin, Vladimir V"]
[Black "Vasiukov, Evgeni A"]
[Result "1/2-1/2"]
[WhiteElo "2635"]
[BlackElo "2490"]
[PlyCount "42"]
[EventDate "1995.10.??"]
[Source "www.chesslib.no"]
[SourceDate "2004.05.04"]

1. d4 f5 2. g3 Nf6 3. Bg2 g6 4. b3 Bg7 5. Bb2 O-O 6. Nf3 d6 7. Nbd2 Nc6 8. O-O Qe8 9. Nc4 e6 10. a4 Bd7 11. e3 Rd8 12. Qe2 h6 13. Ne1 Ne4 14. Nd3 Kh7 15. Rad1 b6 16. f3 Ng5 17. f4 Ne4 18. Nd2 d5 19. Rc1 Rc8 20. Nxe4 fxe4 21. Ne5 Nxe5 1/2-1/2

[Event "Komercni Banka, Pard"]
[Site "?"]
[Date "1997.??.??"]
[Round "8"]
[White "Ionescu Constantin"]
[Black "Malaniuk Vladimir P"]
[Result "1-0"]
[WhiteElo "2515"]
[BlackElo "2610"]
[PlyCount "37"]
[EventDate "1997.??.??"]
[Source "www.chesslib.no"]
[SourceDate "2004.05.04"]

1. d4 f5 2. g3 Nf6 3. Bg2 g6 4. Nh3 Bg7 5. c3 Nc6 6. Nd2 e5 7. d5 Ne7 8. d6 Nc6 9. e4 O-O 10. exf5 Nd5 11. Nc4 Rxf5 12. O-O Qf6 13. Bxd5+ Qf7 14. Qh5 e4 15. Qd1 Bf6 16. f4 Bh8 17. Be6 cxd6 18. Qd5 Bf6 19. Ne5 1-0

[Event "ch-RUS, Elista"]
[Site "Elista"]
[Date "1996.??.??"]
[Round "?"]
[White "Epishin, V."]
[Black "Vasiukov, E."]
[Result "1-0"]
[WhiteElo "2620"]
[BlackElo "2505"]
[PlyCount "135"]
[EventDate "1996.??.??"]
[Source "www.chesslib.no"]
[SourceDate "2004.05.04"]

1. d4 f5 2. g3 Nf6 3. Bg2 g6 4. Nf3 Bg7 5. b3 O-O 6. Bb2 d6 7. Nbd2 Nc6 8. O-O Qe8 9. Re1 e5 10. e4 f4 11. c3 Nh5 12. b4 Bg4 13. b5 Nd8 14. Qb3+ Kh8 15. dxe5 dxe5 16. c4 Nf7 17. Ba3 Rg8 18. c5 Rd8 19. b6 Be6 20. Qb2 axb6 21. cxb6 cxb6 22. Rac1 g5 23. Rc7 Rd7 24. Rec1 g4 25. Ne1 Ng5 26. Bb4 h6 27. Rxd7 Qxd7 28. Bc3 Qd6 29. Bf1 Rc8 30. Nd3 Kh7 31. Bb4 Qd8 32. Rxc8 Qxc8 33. Bc3 Qc7 34. Bxe5 Bxe5 35. Qxe5 Qxe5 36. Nxe5 fxg3 37. fxg3 Nf6 38. a3 Kg7 39. Bg2 Ne8 40. Kf2 Nd6 41. Ke3 Kf6 42. Kf4 Ngf7 43. Nxf7 Kxf7 44. Bf1 b5 45. Ke3 Nc4+ 46. Nxc4 bxc4 47. a4 c3 48. Bb5 Kf6 49. a5 Ke5 50. Ba4 Bc4 51. Bd1 Be6 52. Kd3 Bd7 53. Bc2 Bc6 54. Kxc3 Bxe4 55. Bxe4 Kxe4 56. Kc4 Kf3 57. Kc5 Kg2 58. Kb6 Kxh2 59. Kxb7 h5 60. a6 h4 61. a7 h3 62. a8=Q Kxg3 63. Kc6 Kg2 64. Kd6+ Kg1 65. Qa1+ Kg2 66. Qb2+ Kg1 67. Qd4+ Kh1 68. Qe4+ 1-0

[Event "Liepajas Rokade"]
[Site "Liepaya"]
[Date "2004.07.31"]
[Round "4"]
[White "Van Wely, Loek"]
[Black "Neiksans, Arturs"]
[Result "1-0"]
[WhiteElo "2680"]
[BlackElo "2440"]
[PlyCount "61"]
[EventDate "2004.07.30"]
[SourceDate "2004.08.11"]

1. d4 f5 2. g3 Nf6 3. Bg2 g6 4. Nf3 Bg7 5. b4 O-O 6. c4 d6 7. Bb2 c6 8. O-O Qe8 9. Qc2 Nbd7 10. Nbd2 e5 11. dxe5 Nxe5 12. a4 h6 13. Rad1 g5 14. e3 Qh5 15. Bxe5 dxe5 16. Nxe5 f4 17. exf4 gxf4 18. Rfe1 Bf5 19. Qb3 fxg3 20. Qxg3 Rad8 21. Bf3 Qg5 22. Nf1 Rfe8 23. Rxd8 Rxd8 24. b5 cxb5 25. axb5 b6 26. Qxg5 hxg5 27. Nc6 Rd3 28. Ne7+ Kf7 29. Be2 Bh7 30. Bxd3 Bxd3 31. Nc6 1-0

[Event "XX Open"]
[Site "Benidorm SPA"]
[Date "2007.04.28"]
[Round "6"]
[White "Gagunashvili, M."]
[Black "Movsziszian, K."]
[Result "1/2-1/2"]
[WhiteElo "2625"]
[BlackElo "2494"]
[PlyCount "179"]
[EventDate "2007.04.23"]
[Source "www.chesslib.no"]
[SourceDate "2004.05.04"]

1. d4 f5 2. g3 Nf6 3. Bg2 g6 4. c3 Bg7 5. Qb3 Nc6 6. Nf3 e6 7. O-O O-O 8. c4 Qe7 9. Rd1 Kh8 10. d5 Nd8 11. Nc3 e5 12. d6 cxd6 13. Bg5 Nf7 14. Nd5 Qd8 15. Bxf6 Bxf6 16. e4 Bg7 17. exf5 gxf5 18. Nh4 Nh6 19. Qa3 a5 20. f4 Ra6 21. Nf3 Rc6 22. Rac1 b6 23. Ne3 Qf6 24. Rc2 Nf7 25. Nh4 exf4 26. Nd5 Qg5 27. Nxf4 Bb7 28. Nf3 Qh6 29. Nd4 Bxd4+ 30. Rxd4 Rc7 31. Bxb7 Rxb7 32. Re2 Qf6 33. Rd1 Kg8 34. Nd5 Qg7 35. Rf1 Qd4+ 36. Qe3 Qxe3+ 37. Nxe3 Nh6 38. a4 Re8 39. Rfe1 Re5 40. Nd5 Nf7 41. b3 Kg7 42. Nf4 Rb8 43. Nd3 Rxe2 44. Rxe2 d5 45. cxd5 Kf6 46. Rc2 Ke7 47. Kf2 Kd6 48. Ke3 Kxd5 49. Nf4+ Ke5 50. Nd3+ Kd6 51. Kf4 Ke6 52. Re2+ Kf6 53. Ne5 Nxe5 54. Rxe5 d6 55. Rxf5+ Ke6 56. Rh5 Rb7 57. Ke4 Rg7 58. Rb5 Rb7 59. Kd4 Kd7 60. Kd5 Kc7 61. Kd4 Kc6 62. Rh5 Rg7 63. Rh4 Rf7 64. Rf4 Rg7 65. g4 Rg5 66. h4 Rd5+ 67. Kc3 Rd1 68. Rf6 h5 69. g5 Rh1 70. Rf4 Rh3+ 71. Kc4 Rg3 72. b4 axb4 73. Kxb4 Rg1 74. Rc4+ Kd5 75. Kb5 Rg4 76. Rc8 Rxh4 77. g6 Rg4 78. Rh8 Rxg6 79. Rxh5+ Ke4 80. Kxb6 d5+ 81. Kc5 Ra6 82. Rh4+ Ke5 83. Rh5+ Ke4 84. Rh4+ Ke5 85. Kb5 Ra8 86. a5 d4 87. a6 d3 88. Rh1 Kd4 89. Kb6 d2 90. a7 1/2-1/2

[Event "Pardubice"]
[Site "?"]
[Date "2006.07.25"]
[Round "5.12"]
[White "Wojtaszek Radoslaw"]
[Black "Henrichs Thomas"]
[Result "1-0"]
[WhiteElo "2622"]
[BlackElo "2491"]
[PlyCount "65"]
[EventDate "2006.??.??"]
[Source "www.chesslib.no"]
[SourceDate "2004.05.04"]

1. d4 f5 2. g3 Nf6 3. Bg2 g6 4. Nf3 Bg7 5. O-O O-O 6. b4 Nc6 7. c3 d6 8. a4 a6 9. Ba3 Qe8 10. Nbd2 Nd8 11. Qb3+ Kh8 12. b5 Bd7 13. c4 c6 14. bxc6 Bxc6 15. Bb2 e6 16. Ne1 Nf7 17. d5 exd5 18. cxd5 Bd7 19. Nd3 Qxe2 20. Nf4 Qe7 21. Rfe1 Ne5 22. Nd3 Qd8 23. Nxe5 dxe5 24. Bxe5 b5 25. a5 Be8 26. Nf3 Bf7 27. Ng5 Ng4 28. Bxg7+ Kxg7 29. Ne6+ Bxe6 30. Rxe6 Ra7 31. Qc3+ Nf6 32. Qd4 Rff7 33. Rc1 1-0

[Event "Graz op-A"]
[Site "?"]
[Date "1999.??.??"]
[Round "3"]
[White "Eingorn Vereslav S"]
[Black "Malaniuk Vladimir P"]
[Result "1/2-1/2"]
[WhiteElo "2585"]
[BlackElo "2525"]
[PlyCount "60"]
[EventDate "1999.??.??"]
[Source "www.chesslib.no"]
[SourceDate "2004.05.04"]

1. d4 f5 2. g3 Nf6 3. Bg2 g6 4. Nd2 Bg7 5. c3 c6 6. Nh3 Na6 7. Nf4 d6 8. Nd3 O-O 9. O-O Kh8 10. Re1 Nc7 11. e4 fxe4 12. Nxe4 Bg4 13. Qb3 Nxe4 14. Bxe4 Rb8 15. Bg5 Qd7 16. Qc2 Ne8 17. Qd2 Nf6 18. Bg2 Ng8 19. h4 Rf7 20. Nf4 e5 21. dxe5 dxe5 22. Nd3 h6 23. Nc5 Qxd2 24. Bxd2 Rd8 25. Ne4 Nf6 26. Be3 Nd5 27. Bd2 Nb6 28. b3 Nd5 29. c4 Nc7 30. c5 Nb5 1/2-1/2

[Event "ch-ARM, Yerevan ARM"]
[Site "?"]
[Date "1999.??.??"]
[Round "6"]
[White "Lputian, S."]
[Black "Minasian, Ara"]
[Result "1/2-1/2"]
[WhiteElo "2625"]
[BlackElo "2480"]
[PlyCount "83"]
[EventDate "1999.??.??"]
[Source "www.chesslib.no"]
[SourceDate "2004.05.04"]

1. d4 f5 2. g3 Nf6 3. Bg2 g6 4. Nf3 Bg7 5. O-O O-O 6. b3 d6 7. Bb2 Qe8 8. Nbd2 Na6 9. c4 Rb8 10. Qc2 b5 11. a3 h6 12. b4 c6 13. Rfe1 Be6 14. e4 fxe4 15. Nxe4 Nxe4 16. cxb5 Rxb5 17. Rxe4 Bd5 18. Re3 g5 19. Rae1 Rf7 20. Qe2 e6 21. h4 gxh4 22. Nxh4 Nc7 23. Bh3 Qb8 24. f4 Qb6 25. Qd3 a5 26. f5 e5 27. dxe5 Bxe5 28. Bxe5 dxe5 29. Ng6 axb4 30. Nxe5 bxa3 31. Nxf7 Rb3 32. Nxh6+ Kf8 33. Qe2 a2 34. Ng4 Rb1 35. Ne5 Rxe1+ 36. Qxe1 Qd4 37. Nd7+ Kg8 38. Kh2 a1=Q 39. Re8+ Nxe8 40. Qxe8+ Kh7 41. Qg6+ Kh8 42. Qe8+ 1/2-1/2

[Event "Metz op"]
[Site "Metz"]
[Date "1999.04.22"]
[Round "6"]
[White "Lerner, Konstantin Z"]
[Black "Agrest, Evgenij"]
[Result "1/2-1/2"]
[WhiteElo "2568"]
[BlackElo "2533"]
[PlyCount "82"]
[EventDate "1999.04.??"]
[Source "www.chesslib.no"]
[SourceDate "2004.05.04"]

1. d4 f5 2. g3 Nf6 3. Bg2 g6 4. Nf3 Bg7 5. O-O O-O 6. b4 Ne4 7. Bb2 b6 8. c4 Bb7 9. Qb3 e6 10. Nc3 Nxc3 11. Bxc3 Be4 12. Ne1 Bxg2 13. Nxg2 Nc6 14. d5 Nd4 15. Bxd4 Bxd4 16. Rad1 Qf6 17. e3 Be5 18. c5 Qe7 19. Ne1 Bg7 20. Nd3 e5 21. d6+ Qf7 22. dxc7 Qxb3 23. axb3 Rfc8 24. Nb2 Rxc7 25. cxb6 axb6 26. Na4 b5 27. Nc5 Ra3 28. Nxd7 Rxb3 29. Nc5 Rb2 30. Rd8+ Kf7 31. Rb8 e4 32. Rxb5 Bf8 33. Rc1 Ra7 34. Ra5 Rxa5 35. bxa5 Rb5 36. Nd7 Rxa5 37. Nxf8 Kxf8 38. Rc8+ Kf7 39. Rc7+ Kg8 40. h3 h5 41. Kg2 Kf8 1/2-1/2